00746cam a2200229 a 4500001000800000005001700008008004100025010001700066020001500083040001800098041000800116080002300124082002700147100000700174101000800181245006500189504006600254906004500320942001200365999001700377952012200394346845720180227054312.0930301s1994 njua b 001 0 eng  a 93014976  a0133276287 aDLCcDLCdDLC aeng a160.285.5369 POR00a160.285.5369 POR2201 a38 aSHK10aLogic with Symlog :cFrederic D. Portoraro, Robert E. Tully. aIncludes bibliographical references (p. 547-549) and indexes. a7bcbccorignewd1eocipf19gy-gencatlg 2ddccBK c43581d43581 00102udc40708PËKGa002b002cPËKGd2018-02-27l0o160.285.5369 PORp002-3000077r2018-02-27w2018-02-27yBK